[Event "Douglas Livie Memorial e-mail 2004"]
[Site "Scottish CCA"]
[Date "2004.06.14"]
[Round "?"]
[White "Martin Molinero, Raul"]
[Black "Halme, Olavi"]
[Result "1-0"]
[WhiteElo "2356"]
[BlackElo "2239"]
[PlyCount "39"]
[EventDate "2004.06.14"]
[Source "SCCA"]
[SourceDate "2008.02.08"]

1. e4 e5 2. Nc3 Nc6 3. g3 Bc5 4. Bg2 a6 5. Nge2 d6 6. Nd5 Nf6 7. c3 h6 8. d4
Ba7 9. Ne3 O-O 10. O-O Bd7 11. Qd3 exd4 12. cxd4 Re8 13. Bd2 Rb8 14. Rfe1 Qc8
15. Bc3 b5 16. b4 Bh3 17. Bh1 Nh7 18. Nf4 Ng5 19. Nxh3 Nxh3+ 20. Kf1 1-0

[Event "Douglas Livie Memorial e-mail 2004"]
[Site "Scottish CCA"]
[Date "2004.06.14"]
[Round "?"]
[White "Martin Molinero, Raul"]
[Black "Mackintosh, Iain"]
[Result "1-0"]
[WhiteElo "2356"]
[BlackElo "2328"]
[PlyCount "97"]
[EventDate "2004.06.14"]
[Source "SCCA"]
[SourceDate "2008.02.08"]

1. e4 e5 2. Nc3 Nf6 3. g3 Bb4 4. Nge2 d6 5. Bg2 O-O 6. O-O Bg4 7. h3 Bh5 8. g4
Bg6 9. d3 c6 10. f4 h6 11. f5 Bh7 12. Ng3 d5 13. Qf3 Bc5+ 14. Kh2 d4 15. Nb1
Be7 16. Nd2 a5 17. Qf2 Nbd7 18. Nf3 b5 19. Ne2 a4 20. Qg3 a3 21. b3 Qb8 22. h4
h5 23. g5 Ng4+ 24. Kh1 Bd6 25. Nh2 Nxh2 26. Kxh2 g6 27. Bd2 Qc7 28. c3 dxc3 29.
Nxc3 b4 30. Ne2 Rad8 31. f6 Rfe8 32. Rac1 Qb7 33. Be3 Qa6 34. Bh3 Nf8 35. Rc4
Ne6 36. Rfc1 Bf8 37. Qf3 Rxd3 38. Rxc6 Qb7 39. Bxe6 Rxe6 40. Rxe6 fxe6 41. Qf2
Rd7 42. Bc5 Rc7 43. Bxf8 Kxf8 44. Rxc7 Qxc7 45. Qe3 Bg8 46. Qc1 Qd7 47. Qc5+
Ke8 48. Ng1 Bf7 49. Nf3 1-0

[Event "Douglas Livie Memorial e-mail 2004"]
[Site "Scottish CCA"]
[Date "2004.06.14"]
[Round "?"]
[White "Martin Molinero, Raul"]
[Black "Maxwell, Alistair"]
[Result "1-0"]
[WhiteElo "2356"]
[BlackElo "2081"]
[PlyCount "61"]
[EventDate "2004.06.14"]
[Source "SCCA"]
[SourceDate "2008.02.08"]

1. e4 e5 2. Nc3 Nf6 3. g3 d5 4. exd5 Nxd5 5. Bg2 Nxc3 6. bxc3 Bd6 7. Ne2 O-O 8.
O-O Nd7 9. d3 c6 10. f4 exf4 11. Bxf4 Ne5 12. Rb1 Re8 13. Qd2 Qa5 14. Nc1 Qa6
15. Nb3 f6 16. c4 Bg4 17. Qc3 Rad8 18. c5 Bf8 19. a4 Rc8 20. a5 Rcd8 21. Nd2
Kh8 22. h3 Bh5 23. Rfe1 Rc8 24. d4 Ng6 25. Be3 f5 26. Nc4 f4 27. Bxf4 Nxf4 28.
gxf4 Rxe1+ 29. Rxe1 Rb8 30. Ne5 Be8 31. Ra1 1-0

[Event "Douglas Livie Memorial e-mail 2004"]
[Site "Scottish CCA"]
[Date "2004.06.14"]
[Round "?"]
[White "Maxwell, Alistair"]
[Black "Berthelsen, Roald "]
[Result "1-0"]
[WhiteElo "2081"]
[BlackElo "2180"]
[PlyCount "59"]
[EventDate "2004.06.14"]
[Source "SCCA"]
[SourceDate "2008.02.08"]

1. e4 e5 2. Nf3 Nc6 3. Bb5 f5 4. Nc3 fxe4 5. Nxe4 d5 6. Nxe5 dxe4 7. Nxc6 Qg5
8. Qe2 Nf6 9. f4 Qh4+ 10. g3 Qh3 11. Ne5+ c6 12. Bc4 Bc5 13. d3 Ng4 14. Nf7
Bf2+ 15. Kd1 e3 16. Qf3 Nf6 17. f5 Nd5 18. Bxd5 cxd5 19. Bxe3 Bxe3 20. Nxh8 d4
21. Qe4+ Kf8 22. Qd5 Qh5+ 23. Ke1 Qe8 24. Rf1 Bg5+ 25. Kf2 Be3+ 26. Kg2 Qc6 27.
Ng6+ hxg6 28. fxg6+ Ke8 29. Qxc6+ bxc6 30. Rf7 1-0

[Event "Douglas Livie Memorial e-mail 2004"]
[Site "Scottish CCA"]
[Date "2004.06.14"]
[Round "?"]
[White "Maxwell, Alistair"]
[Black "Borwell, Alan P"]
[Result "1/2-1/2"]
[WhiteElo "2081"]
[BlackElo "2229"]
[PlyCount "47"]
[EventDate "2004.06.14"]
[Source "SCCA"]
[SourceDate "2008.02.08"]

1. e4 c5 2. Nf3 Nc6 3. d4 cxd4 4. Nxd4 g6 5. c4 Nf6 6. Nc3 d6 7. Be2 Bg7 8. Be3
O-O 9. O-O Nxd4 10. Bxd4 Bd7 11. Qd3 Bc6 12. b4 b6 13. Rac1 a5 14. b5 Bb7 15.
f4 Nd7 16. Bxg7 Kxg7 17. Qd4+ f6 18. f5 Rg8 19. fxg6 hxg6 20. Nd5 Nc5 21. Rf3
Rh8 22. Rcf1 Bxd5 23. exd5 Nd7 24. Rf4 1/2-1/2

[Event "Douglas Livie Memorial e-mail 2004"]
[Site "Scottish CCA"]
[Date "2004.06.14"]
[Round "?"]
[White "Maxwell, Alistair"]
[Black "Lambert, Grant R"]
[Result "1/2-1/2"]
[WhiteElo "2081"]
[BlackElo "2386"]
[PlyCount "41"]
[EventDate "2004.06.14"]
[Source "SCCA"]
[SourceDate "2008.02.08"]

1. e4 c5 2. Nf3 e6 3. d4 cxd4 4. Nxd4 Nc6 5. Nc3 Qc7 6. g3 a6 7. Bg2 d6 8. O-O
Bd7 9. Nxc6 Bxc6 10. a4 Nf6 11. Re1 Be7 12. a5 O-O 13. Be3 Nd7 14. Bd4 Bf6 15.
Bxf6 Nxf6 16. Qd4 Rfd8 17. Red1 Rab8 18. Qb6 Qxb6 19. axb6 Kf8 20. Rd3 Nd7 21.
Rxd6 1/2-1/2

[Event "Douglas Livie Memorial e-mail 2004"]
[Site "Scottish CCA"]
[Date "2004.06.14"]
[Round "?"]
[White "Maxwell, Alistair"]
[Black "Pyrich, George"]
[Result "1-0"]
[WhiteElo "2081"]
[BlackElo "2373"]
[PlyCount "43"]
[EventDate "2004.06.14"]
[Source "SCCA"]
[SourceDate "2008.02.08"]

1. e4 e6 2. d4 d5 3. Nc3 Nf6 4. Bg5 Be7 5. e5 Nfd7 6. h4 c5 7. Bxe7 Kxe7 8. f4
cxd4 9. Qxd4 Nc6 10. Qd2 Qa5 11. Nf3 Rd8 12. Bb5 Kf8 13. O-O-O a6 14. Bxc6 bxc6
15. h5 h6 16. Nd4 Qc7 17. g4 Qb6 18. Na4 Qb7 19. g5 Ke7 20. gxh6 gxh6 21. Nxc6+
Qxc6 22. Qb4+ 1-0

[Event "Douglas Livie Memorial e-mail 2004"]
[Site "Scottish CCA"]
[Date "2004.06.14"]
[Round "?"]
[White "Maxwell, Alistair"]
[Black "Rawlings, Alan JC"]
[Result "1/2-1/2"]
[WhiteElo "2081"]
[BlackElo "2254"]
[PlyCount "43"]
[EventDate "2004.06.14"]
[Source "SCCA"]
[SourceDate "2008.02.08"]

1. e4 c5 2. Nf3 Nc6 3. d4 cxd4 4. Nxd4 e5 5. Nb5 d6 6. c4 Be7 7. N1c3 a6 8. Na3
Be6 9. Nc2 Bg5 10. Bd3 Bxc1 11. Rxc1 Qg5 12. O-O Nge7 13. Nd5 O-O 14. Nce3 Nd4
15. Nxe7+ Qxe7 16. Qh5 b5 17. Nd5 Bxd5 18. cxd5 f5 19. exf5 e4 20. Bb1 Rxf5 21.
Qh3 Ne2+ 22. Kh1 1/2-1/2

[Event "Douglas Livie Memorial e-mail 2004"]
[Site "Scottish CCA"]
[Date "2004.06.14"]
[Round "?"]
[White "Maxwell, Alistair"]
[Black "Starke, Heiko"]
[Result "0-1"]
[WhiteElo "2081"]
[BlackElo "2401"]
[PlyCount "80"]
[EventDate "2004.06.14"]
[Source "SCCA"]
[SourceDate "2008.02.08"]

1. e4 c5 2. Nf3 d6 3. d4 cxd4 4. Nxd4 Nf6 5. Nc3 a6 6. Be2 Nbd7 7. Be3 e6 8. g4
h6 9. f4 b5 10. Bf3 Bb7 11. g5 hxg5 12. fxg5 Ng8 13. g6 Qh4+ 14. Bf2 Qf6 15.
gxf7+ Qxf7 16. Bg4 Nc5 17. b4 Nxe4 18. Nxe4 Bxe4 19. Bxe6 Qf4 20. Rf1 Nf6 21.
Bg1 Qh4+ 22. Kd2 d5 23. a3 Bd6 24. Kc1 Qg5+ 25. Kb2 Bxh2 26. Qe1 Qe5 27. Qc3
Qc7 28. Qxc7 Bxc7 29. Rae1 Rd8 30. Bf5 Be5 31. Kc1 Rd6 32. Ne6 Rh1 33. Bc5 Rxf1
34. Rxf1 Rd7 35. Re1 Bc3 36. Re3 Bxf5 37. Nxg7+ Kf7 38. Nxf5 Ne4 39. Rh3 Kg6
40. Re3 Kxf5 0-1

[Event "Douglas Livie Memorial e-mail 2004"]
[Site "Scottish CCA"]
[Date "2004.06.14"]
[Round "?"]
[White "Pyrich, George"]
[Black "Brown, Dr.  Alan C"]
[Result "1/2-1/2"]
[WhiteElo "2373"]
[BlackElo "2393"]
[PlyCount "37"]
[EventDate "2004.06.14"]
[Source "SCCA"]
[SourceDate "2008.02.08"]

1. e4 c6 2. d4 d5 3. Nd2 dxe4 4. Nxe4 Nf6 5. Nxf6+ exf6 6. c3 Bd6 7. Bd3 O-O 8.
Qc2 h6 9. Ne2 Qc7 10. Be3 Be6 11. Ng3 Re8 12. O-O Nd7 13. c4 Nf8 14. Rfe1 Rad8
15. b3 Bg4 16. Bf5 Bxf5 17. Qxf5 Ng6 18. Rad1 Re6 19. Qf3 1/2-1/2

[Event "Douglas Livie Memorial e-mail 2004"]
[Site "Scottish CCA"]
[Date "2004.06.14"]
[Round "?"]
[White "Pyrich, George"]
[Black "Craig, Tom James"]
[Result "1/2-1/2"]
[WhiteElo "2373"]
[BlackElo "2403"]
[PlyCount "62"]
[EventDate "2004.06.14"]
[Source "SCCA"]
[SourceDate "2008.02.08"]

1. d4 Nf6 2. c4 g6 3. Nc3 Bg7 4. e4 d6 5. Nf3 O-O 6. Be2 e5 7. d5 a5 8. Bg5 h6
9. Bh4 Na6 10. Nd2 Qe8 11. O-O Bd7 12. b3 Nh7 13. Kh1 h5 14. f3 Bh6 15. a3 Be3
16. Qc2 f5 17. exf5 gxf5 18. Bf2 Bxf2 19. Rxf2 Kh8 20. Qb2 Nf6 21. b4 Qe7 22.
f4 e4 23. Nf1 Qg7 24. Ne3 Ng4 25. Bxg4 hxg4 26. g3 Qf6 27. Rc2 Kg7 28. Nb5 Qxb2
29. Rxb2 Kf6 30. Nd4 Rh8 31. Kg1 Rh3 1/2-1/2

[Event "Douglas Livie Memorial e-mail 2004"]
[Site "Scottish CCA"]
[Date "2004.06.14"]
[Round "?"]
[White "Pyrich, George"]
[Black "Geider, Frank"]
[Result "1/2-1/2"]
[WhiteElo "2373"]
[BlackElo "2412"]
[PlyCount "42"]
[EventDate "2004.06.14"]
[Source "SCCA"]
[SourceDate "2008.02.08"]

1. d4 Nf6 2. Nf3 g6 3. c4 Bg7 4. Nc3 d5 5. Qb3 dxc4 6. Qxc4 O-O 7. e4 Bg4 8.
Be3 Nfd7 9. Qb3 Nb6 10. Rd1 e6 11. Be2 Qe7 12. O-O Nc6 13. e5 a5 14. h3 a4 15.
Qc2 Bxf3 16. Bxf3 Nb4 17. Qd2 N4d5 18. Bg5 Qd7 19. Ne4 Qb5 20. Rc1 Qa5 21. Qd3
Qa6 1/2-1/2

[Event "Douglas Livie Memorial e-mail 2004"]
[Site "Scottish CCA"]
[Date "2004.06.14"]
[Round "?"]
[White "Pyrich, George"]
[Black "Halme, Olavi"]
[Result "0-1"]
[WhiteElo "2373"]
[BlackElo "2240"]
[PlyCount "54"]
[EventDate "2004.06.14"]
[Source "SCCA"]
[SourceDate "2008.02.08"]

1. e4 e5 2. Nf3 Nc6 3. Bb5 g6 4. c3 d6 5. d4 Bd7 6. O-O Bg7 7. d5 Nce7 8. c4 h6
9. Nc3 Nf6 10. Bxd7+ Nxd7 11. Bd2 O-O 12. b4 f5 13. Qb3 Nf6 14. exf5 gxf5 15.
c5 Kh7 16. Rad1 Rg8 17. a4 Qe8 18. Bc1 a6 19. Nd2 Qg6 20. Nc4 Bh8 21. g3 Rad8
22. Rfe1 Qh5 23. Ne3 Ng6 24. Ng2 Qh3 25. f3 e4 26. Nf4 Nxf4 27. Bxf4 exf3 0-1

[Event "Douglas Livie Memorial e-mail 2004"]
[Site "Scottish CCA"]
[Date "2004.06.14"]
[Round "?"]
[White "Pyrich, George"]
[Black "Mackintosh, Iain"]
[Result "1/2-1/2"]
[WhiteElo "2373"]
[BlackElo "2328"]
[PlyCount "131"]
[EventDate "2004.06.14"]
[Source "SCCA"]
[SourceDate "2008.02.08"]

1. e4 e5 2. Nf3 Nc6 3. Bb5 a6 4. Ba4 Nf6 5. O-O Be7 6. Re1 b5 7. Bb3 O-O 8. c3
d5 9. exd5 Nxd5 10. Nxe5 Nxe5 11. Rxe5 Bb7 12. d4 Bf6 13. Re1 Re8 14. Bd2 Qd7
15. Na3 Rxe1+ 16. Qxe1 Re8 17. Qf1 Ne7 18. Be3 Nd5 19. Nc2 Be7 20. a4 Bd6 21.
axb5 axb5 22. Re1 Nf6 23. f3 Bd5 24. Bxd5 Nxd5 25. Bd2 Ra8 26. Qe2 h6 27. g3
Nf6 28. Qd3 Ra2 29. Bc1 c5 30. Ne3 Bf8 31. Qf5 Qc6 32. d5 Qb6 33. Qc8 c4 34.
Kg2 Qa6 35. Qxa6 Rxa6 36. Rd1 Rd6 37. f4 Rd7 38. Kf3 Bc5 39. g4 g6 40. h4 Bxe3
41. Bxe3 Nxd5 42. Bd4 Ne7 43. Ra1 f5 44. g5 Nc6 45. Be3 hxg5 46. hxg5 Rd3 47.
Ra6 Ne7 48. Ke2 Kf7 49. Rf6+ Ke8 50. Bd2 Kd7 51. Rb6 Rd5 52. Rb7+ Kd8 53. Be3
Nc6 54. Kf3 Kc8 55. Rg7 Rd6 56. Bc5 Re6 57. Bf8 Kb8 58. Rd7 Kc8 59. Rd5 Na5 60.
Rxb5 Nb3 61. Rb4 Nd2+ 62. Kf2 Ne4+ 63. Kg2 Nd2 64. Bc5 Re2+ 65. Kg3 Kd7 66. Rb6
1/2-1/2

[Event "Douglas Livie Memorial e-mail 2004"]
[Site "Scottish CCA"]
[Date "2004.06.14"]
[Round "?"]
[White "Pyrich, George"]
[Black "Martin Molinero, Raul"]
[Result "1-0"]
[WhiteElo "2373"]
[BlackElo "2356"]
[PlyCount "107"]
[EventDate "2004.06.14"]
[Source "SCCA"]
[SourceDate "2008.02.08"]

1. d4 f5 2. Nc3 d5 3. Bg5 c6 4. e3 Qb6 5. Rb1 Nd7 6. Bd3 e6 7. Qh5+ g6 8. Qh4
Bg7 9. Nf3 e5 10. dxe5 Nxe5 11. Nxe5 Bxe5 12. O-O Kf7 13. g4 h6 14. Bf4 Bxf4
15. exf4 fxg4 16. Rfe1 Nf6 17. Re5 Bd7 18. Ne4 Nxe4 19. Re7+ Kf8 20. Rxd7 g5
21. fxg5 Rd8 22. Rxd8+ Qxd8 23. Bxe4 dxe4 24. Re1 Rh7 25. Qxg4 Qxg5 26. Qxg5
hxg5 27. Rxe4 Kf7 28. Kg2 Kf6 29. Kg3 Rd7 30. Ra4 a6 31. Rb4 Kf5 32. h4 gxh4+
33. Rxh4 Rd2 34. Rc4 Ke6 35. f4 Kf6 36. a4 Rd5 37. Kf3 Kf5 38. Ke3 Rd1 39. Rc5+
Ke6 40. Re5+ Kf6 41. b3 Rc1 42. Kd3 Rf1 43. Re8 Rd1+ 44. Kc4 Rd5 45. c3 Rh5 46.
Re5 Rh4 47. Kc5 Rh3 48. Kd4 Rf3 49. Re3 Rxf4+ 50. Kc5 Rh4 51. Kb6 Rh7 52. b4
Kf5 53. a5 Rg7 54. Re8 1-0

[Event "Douglas Livie Memorial e-mail 2004"]
[Site "Scottish CCA"]
[Date "2004.06.14"]
[Round "?"]
[White "Rawlings, Alan JC"]
[Black "Berthelsen, Roald "]
[Result "1-0"]
[WhiteElo "2254"]
[BlackElo "2180"]
[PlyCount "57"]
[EventDate "2004.06.14"]
[Source "SCCA"]
[SourceDate "2008.02.08"]

1. d4 Nf6 2. c4 g6 3. Nc3 Bg7 4. e4 d6 5. Nge2 O-O 6. Ng3 e5 7. d5 c6 8. Be2
cxd5 9. cxd5 Nbd7 10. h4 h5 11. Bg5 a6 12. a4 Qe8 13. a5 Rb8 14. Na4 b6 15.
axb6 Nxb6 16. Nxb6 Rxb6 17. Qd2 Ng4 18. f3 f6 19. Qa5 Qd8 20. Bd2 Nh6 21. b4
Nf7 22. O-O Bh6 23. Bxh6 Nxh6 24. Rfc1 Bd7 25. Bxa6 Qb8 26. Rc4 Nf7 27. Rac1
Kg7 28. Kh2 Rd8 29. Bc8 1-0

[Event "Douglas Livie Memorial e-mail 2004"]
[Site "Scottish CCA"]
[Date "2004.06.14"]
[Round "?"]
[White "Rawlings, Alan JC"]
[Black "Borwell, Alan P"]
[Result "1/2-1/2"]
[WhiteElo "2254"]
[BlackElo "2229"]
[PlyCount "109"]
[EventDate "2004.06.14"]
[Source "SCCA"]
[SourceDate "2008.02.08"]

1. d4 f5 2. e4 fxe4 3. Nc3 Nf6 4. Bg5 Nc6 5. d5 Ne5 6. Qe2 c6 7. Bxf6 exf6 8.
Qxe4 Qe7 9. O-O-O Nf7 10. Qh4 f5 11. Qd4 Qc5 12. Nf3 Qxd4 13. Nxd4 g6 14. f4 c5
15. Ndb5 Bd6 16. Re1+ Kd8 17. Nxd6 Nxd6 18. h4 Rg8 19. Rh3 b6 20. h5 a6 21.
hxg6 hxg6 22. Rh7 g5 23. Be2 g4 24. Bf1 g3 25. Be2 Kc7 26. Bf3 Bb7 27. Ree7
Rad8 28. Ne2 a5 29. Rhg7 Rxg7 30. Rxg7 Rh8 31. b3 b5 32. Kd2 b4 33. Nxg3 Ba6
34. c4 bxc3+ 35. Kxc3 Rh4 36. Nh5 Nb5+ 37. Kc4 Kb6 38. Nf6 Rxf4+ 39. Kd3 Bc8
40. Nxd7+ Bxd7 41. Rxd7 c4+ 42. bxc4 Rd4+ 43. Ke2 Rxc4 44. Rf7 Nd6 45. Kd3 Ra4
46. Rh7 Rxa2 47. Kd4 Rd2+ 48. Ke5 Nc4+ 49. Kxf5 a4 50. Rh1 a3 51. Ra1 a2 52.
Ke6 Na5 53. Bd1 Rxg2 54. d6 Nb7 55. d7 1/2-1/2

[Event "Douglas Livie Memorial e-mail 2004"]
[Site "Scottish CCA"]
[Date "2004.06.14"]
[Round "?"]
[White "Rawlings, Alan JC"]
[Black "Craig, Tom James"]
[Result "1/2-1/2"]
[WhiteElo "2254"]
[BlackElo "2403"]
[PlyCount "63"]
[EventDate "2004.06.14"]
[Source "SCCA"]
[SourceDate "2008.02.08"]

1. d4 Nf6 2. c4 g6 3. Nc3 Bg7 4. e4 d6 5. Nge2 O-O 6. Ng3 e5 7. d5 c6 8. Be2
cxd5 9. cxd5 Nbd7 10. h4 h5 11. Bg5 a6 12. a4 Qb6 13. a5 Qc7 14. Qd2 b6 15.
axb6 Qxb6 16. O-O Nc5 17. Na4 Nxa4 18. Rxa4 Bd7 19. Be3 Qb7 20. Rb4 Bb5 21. Bh6
Bxh6 22. Qxh6 Qe7 23. Bxb5 axb5 24. Qg5 Rfb8 25. Nf5 Qd8 26. f4 Qb6+ 27. Kh1
Ng4 28. Ne7+ Kg7 29. Rb3 Nf2+ 30. Rxf2 Qxf2 31. fxe5 Ra1+ 32. Kh2 1/2-1/2

[Event "Douglas Livie Memorial e-mail 2004"]
[Site "Scottish CCA"]
[Date "2004.06.14"]
[Round "?"]
[White "Rawlings, Alan JC"]
[Black "Geider, Frank"]
[Result "0-1"]
[WhiteElo "2254"]
[BlackElo "2412"]
[PlyCount "92"]
[EventDate "2004.06.14"]
[Source "SCCA"]
[SourceDate "2008.02.08"]

1. d4 Nf6 2. c4 g6 3. Nc3 d5 4. Nf3 Bg7 5. Qb3 dxc4 6. Qxc4 O-O 7. e4 Nc6 8. e5
Nd7 9. Be3 Nb6 10. Qc5 Bg4 11. Bb5 Nb8 12. Be2 h6 13. O-O c6 14. Rac1 N8d7 15.
Qa3 Re8 16. b3 Be6 17. Qb2 Nd5 18. Nxd5 Bxd5 19. Qd2 Kh7 20. Rfe1 f5 21. a4 a5
22. Qc3 e6 23. Red1 Rf8 24. Bf4 g5 25. Be3 Qe7 26. Ne1 c5 27. Nd3 f4 28. Bd2
cxd4 29. Qxd4 Nb8 30. Qb2 Nc6 31. b4 f3 32. gxf3 Rf5 33. Bc3 Qf7 34. b5 Ne7 35.
Ne1 Kg8 36. Bd4 Ng6 37. Bd3 Rf4 38. Qe2 Rh4 39. Bxg6 Qxg6 40. Qe3 Qh5 41. Kf1
Rxh2 42. Ke2 g4 43. Bc5 Rc8 44. Kd2 g3 45. Nd3 Bxf3 46. Rg1 g2 0-1

[Event "Douglas Livie Memorial e-mail 2004"]
[Site "Scottish CCA"]
[Date "2004.06.14"]
[Round "?"]
[White "Rawlings, Alan JC"]
[Black "Martin Molinero, Raul"]
[Result "1-0"]
[WhiteElo "2254"]
[BlackElo "2356"]
[PlyCount "79"]
[EventDate "2004.06.14"]
[Source "SCCA"]
[SourceDate "2008.02.08"]

1. d4 f5 2. e4 fxe4 3. Nc3 Nf6 4. Bg5 c6 5. f3 d5 6. fxe4 dxe4 7. Bc4 Bg4 8.
Nge2 b5 9. Bb3 b4 10. Na4 Qa5 11. Nc5 Nbd7 12. Nxd7 Nxd7 13. Qd2 Bxe2 14. Kxe2
h6 15. Bf4 g5 16. Bg3 Bg7 17. Qe3 Qa6+ 18. Ke1 Nf6 19. Be6 c5 20. Qb3 cxd4 21.
Rd1 Qb6 22. Qc4 d3 23. cxd3 Rf8 24. Rd2 a5 25. Bf5 e3 26. Rc2 Nh5 27. Bd7+ Kxd7
28. Qd5+ Ke8 29. Qxa8+ Kf7 30. Qf3+ Nf6 31. Ke2 Qe6 32. Rc4 Kg8 33. Rf1 Nd5 34.
Qe4 Qd7 35. Rxf8+ Kxf8 36. Rc5 e6 37. Rxa5 Bxb2 38. Qg6 Qc6 39. Bd6+ Qxd6 40.
Ra8+ 1-0

[Event "Douglas Livie Memorial e-mail 2004"]
[Site "Scottish CCA"]
[Date "2004.06.14"]
[Round "?"]
[White "Rawlings, Alan JC"]
[Black "Pyrich, George"]
[Result "1/2-1/2"]
[WhiteElo "2254"]
[BlackElo "2373"]
[PlyCount "72"]
[EventDate "2004.06.14"]
[Source "SCCA"]
[SourceDate "2008.02.08"]

1. d4 Nf6 2. c4 e6 3. Nc3 Bb4 4. a3 Bxc3+ 5. bxc3 b6 6. e3 c5 7. Bd3 Bb7 8. f3
Nc6 9. Ne2 O-O 10. e4 Ne8 11. O-O Rc8 12. Be3 Na5 13. dxc5 bxc5 14. Qa4 f6 15.
Rfb1 Nd6 16. Nc1 Qc7 17. Nb3 Nxb3 18. Rxb3 Ba8 19. Rab1 f5 20. e5 Nf7 21. f4 g5
22. g3 gxf4 23. gxf4 Nxe5 24. fxe5 Qxe5 25. Bf2 Rf7 26. Rb7 Rg7+ 27. Kf1 Bxb7
28. Rxb7 Qxh2 29. Qa6 Rg2 30. Rb2 Rc6 31. Qxa7 Qh1+ 32. Ke2 Rxf2+ 33. Kxf2 Qh2+
34. Ke3 Qxb2 35. Qxd7 Qxc3 36. Qxc6 Qe1+ 1/2-1/2

[Event "Douglas Livie Memorial e-mail 2004"]
[Site "Scottish CCA"]
[Date "2004.06.14"]
[Round "?"]
[White "Starke, Heiko"]
[Black "Berthelsen, Roald "]
[Result "1/2-1/2"]
[WhiteElo "2401"]
[BlackElo "2180"]
[PlyCount "57"]
[EventDate "2004.06.14"]
[Source "SCCA"]
[SourceDate "2008.02.08"]

1. e4 e5 2. Nf3 Nc6 3. d4 exd4 4. Nxd4 Bc5 5. Be3 Bb6 6. Nc3 d6 7. Be2 Nf6 8.
Qd2 Ng4 9. Bxg4 Bxg4 10. f3 Bd7 11. O-O-O O-O 12. h4 Nxd4 13. Bxd4 Bxd4 14.
Qxd4 Re8 15. g4 Bc6 16. Qe3 Re6 17. h5 h6 18. Rhg1 Qh4 19. Kb1 a5 20. g5 Qxh5
21. f4 Rae8 22. f5 Rxe4 23. Nxe4 Bxe4 24. Qc3 hxg5 25. Qxc7 Qe2 26. Rde1 Qf2
27. Ka1 Qxf5 28. Qxd6 a4 29. a3 1/2-1/2

[Event "Douglas Livie Memorial e-mail 2004"]
[Site "Scottish CCA"]
[Date "2004.06.14"]
[Round "?"]
[White "Starke, Heiko"]
[Black "Borwell, Alan P"]
[Result "1-0"]
[WhiteElo "2401"]
[BlackElo "2229"]
[PlyCount "77"]
[EventDate "2004.06.14"]
[Source "SCCA"]
[SourceDate "2008.02.08"]

1. e4 c5 2. Nf3 d6 3. d4 cxd4 4. Nxd4 Nf6 5. Nc3 a6 6. f3 e5 7. Nb3 Be6 8. Be3
Nbd7 9. Qd2 h5 10. Be2 b5 11. a4 b4 12. Nd5 Bxd5 13. exd5 Nb6 14. Bxb6 Qxb6 15.
a5 Qb7 16. Bc4 h4 17. Ra4 h3 18. g3 Rb8 19. Nc1 g6 20. Na2 Qc7 21. Qd3 Nd7 22.
Bxa6 Nc5 23. Qc4 Nxa6 24. Qxa6 Qxc2 25. Qc6+ Qxc6 26. dxc6 d5 27. a6 Kd8 28.
Ke2 Kc7 29. a7 Ra8 30. Ra1 b3 31. Nc3 d4 32. Nd5+ Kxc6 33. Ra5 Bc5 34. Rc1 Kxd5
35. Raxc5+ Ke6 36. Rc6+ Kf5 37. Ra6 Rhe8 38. Rc7 f6 39. Kd3 1-0

[Event "Douglas Livie Memorial e-mail 2004"]
[Site "Scottish CCA"]
[Date "2004.06.14"]
[Round "?"]
[White "Starke, Heiko"]
[Black "Geider, Frank"]
[Result "1/2-1/2"]
[WhiteElo "2401"]
[BlackElo "2412"]
[PlyCount "44"]
[EventDate "2004.06.14"]
[Source "SCCA"]
[SourceDate "2008.02.08"]

1. e4 c5 2. Nf3 d6 3. d4 cxd4 4. Nxd4 Nf6 5. Nc3 a6 6. f3 h5 7. Be3 e5 8. Nb3
Be6 9. Be2 Nbd7 10. a4 Rc8 11. a5 Be7 12. O-O h4 13. Rf2 g6 14. Qd2 Kf8 15. Nc1
Kg7 16. Bf1 Rxc3 17. Qxc3 d5 18. Nb3 dxe4 19. Bc4 Bf5 20. Nd2 exf3 21. gxf3 Qc7
22. Re2 Rc8 1/2-1/2

[Event "Douglas Livie Memorial e-mail 2004"]
[Site "Scottish CCA"]
[Date "2004.06.14"]
[Round "?"]
[White "Starke, Heiko"]
[Black "Martin Molinero, Raul"]
[Result "1/2-1/2"]
[WhiteElo "2401"]
[BlackElo "2356"]
[PlyCount "97"]
[EventDate "2004.06.14"]
[Source "SCCA"]
[SourceDate "2008.02.08"]

1. e4 c6 2. d4 d5 3. e5 Qb6 4. Be2 Bf5 5. Nf3 e6 6. O-O Ne7 7. a4 Nd7 8. a5 Qc7
9. b4 f6 10. exf6 gxf6 11. c4 dxc4 12. Bxc4 b5 13. Bb3 Nd5 14. Nh4 Bg6 15. Re1
Kf7 16. Bd2 Bd6 17. Qf3 Rae8 18. Qh3 Qd8 19. Na3 Nb8 20. Bxd5 exd5 21. Nf5 Na6
22. Nxd6+ Qxd6 23. Qc3 Nc7 24. Rac1 Rxe1+ 25. Rxe1 Re8 26. Nc2 Rxe1+ 27. Nxe1
Ne6 28. Nd3 Qd7 29. Nc1 Qd6 30. Nb3 a6 31. Kh1 Kg7 32. Qe3 Kf7 33. f3 Bc2 34.
Nc1 Bg6 35. Qc3 Ng7 36. Kg1 Ne6 37. Be1 Qd7 38. Bg3 Kg7 39. h3 Qe8 40. Nb3 Bf5
41. Nc5 Nxc5 42. Qxc5 Kg6 43. Kh2 Bc8 44. Bd6 h5 45. Qc2+ Bf5 46. Qf2 Kf7 47.
Qg3 Qe3 48. Bb8 Qe7 49. Qf4 1/2-1/2

[Event "Douglas Livie Memorial e-mail 2004"]
[Site "Scottish CCA"]
[Date "2004.06.14"]
[Round "?"]
[White "Starke, Heiko"]
[Black "Pyrich, George"]
[Result "1-0"]
[WhiteElo "2401"]
[BlackElo "2373"]
[PlyCount "45"]
[EventDate "2004.06.14"]
[Source "SCCA"]
[SourceDate "2008.02.08"]

1. e4 c5 2. Nf3 e6 3. d4 cxd4 4. Nxd4 Nc6 5. Nc3 Qc7 6. Be2 a6 7. O-O b5 8.
Nxc6 dxc6 9. Bg5 Bd6 10. Kh1 Ne7 11. f4 h6 12. e5 Bb4 13. Bxe7 Bxe7 14. Bd3 O-O
15. Qg4 Bd7 16. Ne4 f5 17. exf6 Bxf6 18. Rab1 Bd4 19. Ng3 Qd6 20. Qg6 b4 21.
Rbd1 Qc5 22. Qh7+ Kf7 23. f5 1-0

[Event "Douglas Livie Memorial e-mail 2004"]
[Site "Scottish CCA"]
[Date "2004.06.14"]
[Round "?"]
[White "Starke, Heiko"]
[Black "Rawlings, Alan JC"]
[Result "0-1"]
[WhiteElo "2401"]
[BlackElo "2254"]
[PlyCount "116"]
[EventDate "2004.06.14"]
[Source "SCCA"]
[SourceDate "2008.02.08"]

1. e4 c5 2. Nf3 Nc6 3. d4 cxd4 4. Nxd4 e5 5. Nb5 d6 6. c4 Be7 7. Be2 Be6 8. O-O
Rc8 9. N1c3 a6 10. Na3 Nf6 11. Be3 O-O 12. Qd2 h6 13. Rac1 Ne8 14. Nc2 Bg5 15.
Rfd1 Bxe3 16. Qxe3 Ne7 17. b3 f5 18. Qd2 Qd7 19. Ne3 fxe4 20. Nxe4 Nc6 21. Nxd6
Nxd6 22. Qxd6 Qf7 23. Bf3 Nd4 24. Qxe5 Nxf3+ 25. gxf3 Rce8 26. Qg3 Qxf3 27.
Qxf3 Rxf3 28. b4 Bh3 29. Rd2 Re6 30. Kh1 Ref6 31. Nd5 Re6 32. Rg1 Re4 33. Ne3
Be6 34. Rc1 Rff4 35. Rdc2 Rd4 36. Kg1 Bf7 37. h3 Be6 38. b5 axb5 39. cxb5 Bxh3
40. Rc7 Rd6 41. Nf1 Rb6 42. Re1 Rxb5 43. Ng3 Rh4 44. a4 Rxa4 45. Ree7 Rg5 46.
Rxb7 Kh7 47. Ra7 Rxa7 48. Rxa7 Rd5 49. Kh2 Be6 50. Ne4 Rd4 51. f3 Bf5 52. Nf6+
Kg6 53. Ne8 Bd7 54. Ra6+ Kf7 55. Nd6+ Ke7 56. Ne4 Bf5 57. Ra7+ Kf8 58. Ra8+ Kf7
0-1